De La Responsabilité De L'Administration A L'Égard De Ses Collaboraturs : (Record no. 76031)
[ view plain ]
| 000 -LEADER | |
|---|---|
| fixed length control field | 01081nam a2200313 i 4500 |
| 003 - CONTROL NUMBER IDENTIFIER | |
| control field | EG-GICUC |
| 005 - DATE AND TIME OF LATEST TRANSACTION | |
| control field | 20260506160156.0 |
| 008 - FIXED-LENGTH DATA ELEMENTS--GENERAL INFORMATION | |
| fixed length control field | 260506s1966 fr |||fr|||| 000 0 Fre d |
| 040 ## - CATALOGING SOURCE | |
| Original cataloging agency | EG-GiCUC |
| Language of cataloging | fre |
| Transcribing agency | EG-GiCUC |
| Modifying agency | EG-GiCUC |
| Description conventions | Rda |
| 041 0# - LANGUAGE CODE | |
| Language code of text/sound track or separate title | fre |
| 082 04 - DEWEY DECIMAL CLASSIFICATION NUMBER | |
| Classification number | 345.43 |
| Item number | EM . R |
| Edition number | 21 |
| 092 04 - LOCALLY ASSIGNED DEWEY CALL NUMBER (OCLC) | |
| Edition number | 21 |
| 099 ## - LOCAL FREE-TEXT CALL NUMBER (OCLC) | |
| Classification number | Law 07 345.43 EM . R 1966 |
| 100 1# - MAIN ENTRY--PERSONAL NAME | |
| Personal name | Emerl, Claude. |
| Relator term | Auteur |
| 245 40 - TITLE STATEMENT | |
| Title | De La Responsabilité De L'Administration A L'Égard De Ses Collaboraturs : |
| Number of part/section of a work | Tome LXVI / |
| Statement of responsibility, etc. | Par Claude Emerl, Marcel Waline. |
| Remainder of title | |
| 264 #1 - PRODUCTION, PUBLICATION, DISTRIBUTION, MANUFACTURE, AND COPYRIGHT NOTICE | |
| Place of production, publication, distribution, manufacture | Paris : |
| Name of producer, publisher, distributor, manufacturer | Librairie Generale De Droit Et De Jurisprudence, |
| Date of production, publication, distribution, manufacture, or copyright notice | 1966. |
| 300 ## - PHYSICAL DESCRIPTION | |
| Extent | 362 Page ; |
| Dimensions | 24 cm. |
| 336 ## - CONTENT TYPE | |
| Source | rda contenu |
| Content type term | texte |
| 337 ## - MEDIA TYPE | |
| Source | rda medias |
| Media type term | Ordinateur |
| 338 ## - CARRIER TYPE | |
| Source | transporteur rda |
| Carrier type term | Ressource en ligne |
| 490 ## - SERIES STATEMENT | |
| Series statement | Bibliothéque De Droit Public |
| 504 ## - BIBLIOGRAPHY, ETC. NOTE | |
| Bibliography, etc. note | Bibliography: pages 347-355 |
| 546 ## - LANGUAGE NOTE | |
| Language note | Texte en français |
| 650 1# - SUBJECT ADDED ENTRY--TOPICAL TERM | |
| Topical term or geographic name entry element | Droit Administratif |
| 700 1# - ADDED ENTRY--PERSONAL NAME | |
| Personal name | Waline, Marcel |
| Relator term | Co-Auteur |
| 856 40 - ELECTRONIC LOCATION AND ACCESS | |
| Uniform Resource Identifier | <a href="https://fll.law.cu.edu.eg/fulltext/bks/B07-06154.pdf">https://fll.law.cu.edu.eg/fulltext/bks/B07-06154.pdf</a> |
| 905 ## - Cataloger and Reviser Names | |
| Cataloger Name: | Hoda |
| 942 ## - ADDED ENTRY ELEMENTS (KOHA) | |
| Source of classification or shelving scheme | Dewey Decimal Classification |
| Suppress in OPAC | No |
| Koha item type | Books |
| Edition | 21 |
| Withdrawn status | Lost status | Source of classification or shelving scheme | Materials specified (bound volume or other part) | Damaged status | Not for loan | Collection | Home library | Current library | Date acquired | Total checkouts | Full call number | Barcode | Date last seen | Copy number | Price effective from | Koha item type |
|---|---|---|---|---|---|---|---|---|---|---|---|---|---|---|---|---|
| Dewey Decimal Classification | V66 | Not for loan | القانون الإداري | جــــامعة القــاهرة | مكتبة كلية الحقوق - المبنى الرئيسي | 06.05.2026 | Law1 07 345.43 EM . R 1966 0706154 V66, C1 | B07-06154 | 06.05.2026 | 1 | 06.05.2026 | Books |